<?xml version="1.0" encoding="UTF-8"?>
<collection xmlns="http://www.loc.gov/MARC21/slim">
 <record>
  <leader>02414nam a2200313 a 4500</leader>
  <controlfield tag="001">298028</controlfield>
  <controlfield tag="008">100110s2000    enkab    b    001 0 eng d</controlfield>
  <datafield tag="010" ind1=" " ind2=" ">
   <subfield code="a">99033849</subfield>
  </datafield>
  <datafield tag="020" ind1=" " ind2=" ">
   <subfield code="a">0312223862</subfield>
  </datafield>
  <datafield tag="020" ind1=" " ind2=" ">
   <subfield code="a">0333748247</subfield>
  </datafield>
  <datafield tag="040" ind1=" " ind2=" ">
   <subfield code="a">DLC</subfield>
   <subfield code="b">eng</subfield>
   <subfield code="c">DLC</subfield>
   <subfield code="d">Uk</subfield>
   <subfield code="d">DLC</subfield>
   <subfield code="d">BD-DhAAL</subfield>
  </datafield>
  <datafield tag="082" ind1="0" ind2="0">
   <subfield code="a">327.5492054</subfield>
   <subfield code="2">21</subfield>
  </datafield>
  <datafield tag="100" ind1="1" ind2=" ">
   <subfield code="a">Jacques, Kathryn,</subfield>
   <subfield code="d">1957-</subfield>
  </datafield>
  <datafield tag="245" ind1="1" ind2="0">
   <subfield code="a">Bangladesh, India and Pakistan :</subfield>
   <subfield code="b">international relations and regional tensions in South Asia /</subfield>
   <subfield code="c">Kathryn Jacques.</subfield>
  </datafield>
  <datafield tag="260" ind1=" " ind2=" ">
   <subfield code="a">Basingstoke :</subfield>
   <subfield code="b">Palgrave,</subfield>
   <subfield code="c">c2000.</subfield>
  </datafield>
  <datafield tag="300" ind1=" " ind2=" ">
   <subfield code="a">xii, 239 p. :</subfield>
   <subfield code="b">ill., maps ;</subfield>
   <subfield code="c">22 cm.</subfield>
  </datafield>
  <datafield tag="490" ind1="0" ind2=" ">
   <subfield code="a">International political economy series</subfield>
  </datafield>
  <datafield tag="504" ind1=" " ind2=" ">
   <subfield code="a">Includes bibliographical references (p. 216-236) and index.</subfield>
  </datafield>
  <datafield tag="505" ind1="0" ind2=" ">
   <subfield code="a">Pt. I. Overview. 1. General Influences on Bangladeshs Foreign Policy -- Pt. II. Regional Influences on Bangladesh-India Relations, 1975-90. 2. 1975-81: Indo-Pakistani Rivalry and Indian Party Politics. 3. 1982-4: A New Beginning or the Darkest Hour? 4. 1985-90: The New Era of Regional Amity and Cooperation -- Pt. III. Domestic Influences on Bangladesh-India Relations, 1975-90. 5. 1975-81: Military Ascendancy in Bangladesh. 6. 1982-90: Political Manoeuvres and Ethnic Violence -- Pt. IV. Bangladesh-Pakistan Relations, 1975-90. 7. 1975-81: Catalysts and Convergences of Interest. 8. 1982-90: A Maturing of Relations?</subfield>
  </datafield>
  <datafield tag="520" ind1="1" ind2=" ">
   <subfield code="a">&quot;The book provides a broad, analytical study of Bangladeshs relationship with India and Pakistan between 1975 and 1990. This period was largely one of military rule in Bangladesh, spanning the regimes of Ziaur Rahman (1975-81) and Hussain Muhammad Ershad (1982-90). Bangladeshs role in South Asian international relations has tended to be overlooked or underestimated. Biased and stereotypical views also abound where Bangladesh is concerned, partly due to the prevalence of bias and censorship found in the contemporary media.&quot;--BOOK JACKET.</subfield>
  </datafield>
  <datafield tag="541" ind1="1" ind2=" ">
   <subfield code="e">00008201</subfield>
  </datafield>
  <datafield tag="651" ind1=" " ind2="0">
   <subfield code="a">Bangladesh</subfield>
   <subfield code="x">Foreign relations</subfield>
   <subfield code="z">India.</subfield>
  </datafield>
  <datafield tag="651" ind1=" " ind2="0">
   <subfield code="a">India</subfield>
   <subfield code="x">Foreign relations</subfield>
   <subfield code="z">Bangladesh.</subfield>
  </datafield>
  <datafield tag="651" ind1=" " ind2="0">
   <subfield code="a">Bangladesh</subfield>
   <subfield code="x">Foreign relations</subfield>
   <subfield code="z">Pakistan.</subfield>
  </datafield>
  <datafield tag="651" ind1=" " ind2="0">
   <subfield code="a">Pakistan</subfield>
   <subfield code="x">Foreign relations</subfield>
   <subfield code="z">Bangladesh.</subfield>
  </datafield>
  <datafield tag="651" ind1=" " ind2="0">
   <subfield code="a">South Asia</subfield>
   <subfield code="x">Politics and government.</subfield>
  </datafield>
  <datafield tag="852" ind1="4" ind2=" ">
   <subfield code="a">Ayesha Abed Library</subfield>
   <subfield code="j">General shelf</subfield>
  </datafield>
  <datafield tag="999" ind1=" " ind2=" ">
   <subfield code="c">6821</subfield>
   <subfield code="d">6821</subfield>
  </datafield>
  <datafield tag="952" ind1=" " ind2=" ">
   <subfield code="0">0</subfield>
   <subfield code="1">0</subfield>
   <subfield code="2">ddc</subfield>
   <subfield code="4">0</subfield>
   <subfield code="6">327_549205400000000_JAC_2000</subfield>
   <subfield code="7">0</subfield>
   <subfield code="9">7027</subfield>
   <subfield code="a">BRACUL</subfield>
   <subfield code="b">BRACUL</subfield>
   <subfield code="c">GEN</subfield>
   <subfield code="d">2010-01-11</subfield>
   <subfield code="l">4</subfield>
   <subfield code="m">15</subfield>
   <subfield code="o">327.5492054 JAC</subfield>
   <subfield code="p">3010008201</subfield>
   <subfield code="r">2019-04-30</subfield>
   <subfield code="s">2019-03-05</subfield>
   <subfield code="t">1</subfield>
   <subfield code="w">2010-01-11</subfield>
   <subfield code="y">BK</subfield>
  </datafield>
 </record>
</collection>
